Linia 23 kier. Dźbów KSSE Skorki MPK Częstochowa | kwiecień 2025 - Statystyki

Ogólne statystyki
  • Ten quiz został rozwiązany 17 razy
  • Średni wynik to 22 z 34
Statystyki odpowiedzi
Kolejność Przystanek % Poprawnych
1. Rejtana
89%
7. Galeria Jurajska
78%
13. Korczaka
78%
4. Archiwum Państwowe
67%
30. Chłopska
67%
10. D. H. Centrum
67%
11. Dworzec Główny PKP
67%
12. Dworzec PKS
67%
28. Dźbów
67%
34. Dźbów - KSSE Skorki
67%
33. Ekonomiczna
67%
27. Gwintowa
67%
9. II Aleja Najświętszej Maryi Panny
67%
6. Kanał Kohna
67%
29. Kopalniana
67%
5. Krakowska
67%
32. Leśna
67%
8. Plac Daszyńskiego
67%
23. Sabinów
67%
31. Skorki
67%
14. Skwer Sokołów
67%
16. Stradom - Dworzec PKP
67%
15. Zana
67%
2. Żeromskiego
67%
17. Aleja Bohaterów Monte Cassino
56%
21. Hetmańska
56%
25. Juranda
56%
24. Kmicica
56%
18. Piastowska
56%
3. Polontex
56%
26. Rzeczna
56%
19. Sabinowska
56%
22. Skrzetuskiego
56%
20. Szkoła Straży Pożarnej
56%
Nie znaleziono quizów pasujących do podanych kryteriów
Rozkład punktacji
Procent ludzi z każdym wynikiem
Percentyl według liczby udzielonych odpowiedzi
Twoja historia wyników
Nie rozwiązałeś tego quizu